|
|
|
|
| LEADER |
00000nlm0a2200000 4500 |
| 001 |
317651 |
| 005 |
20231102003009.0 |
| 035 |
|
|
|a (RuTPU)RU\TPU\book\343119
|
| 035 |
|
|
|a RU\TPU\book\343028
|
| 090 |
|
|
|a 317651
|
| 100 |
|
|
|a 20160412d2011 k y0engy50 ba
|
| 101 |
0 |
|
|a eng
|
| 102 |
|
|
|a NL
|
| 105 |
|
|
|a a z 001zy
|
| 135 |
|
|
|a drcn ---uucaa
|
| 200 |
1 |
|
|a Safety Critical Systems Handbook
|b Electronic resource
|e A Straightforward Guide to Functional Safety: IEC 61508 (2010 Edition) and Related Standards
|f D. J. Smith, K. G. L. Simpson
|
| 203 |
|
|
|a Text
|c electronic
|
| 210 |
|
|
|a Amsterdam
|c Elsevier
|d 2011
|
| 230 |
|
|
|a 1 компьютерный файл (pdf; 18 Mb)
|
| 300 |
|
|
|a Заглавие с титульного экрана
|
| 333 |
|
|
|a Режим доступа: из корпоративной сети ТПУ
|
| 337 |
|
|
|a Adobe Reader
|
| 606 |
1 |
|
|a Техника безопасности
|x Общие вопросы
|x Системные методы
|2 stltpush
|3 (RuTPU)RU\TPU\subj\60027
|9 77517
|
| 610 |
1 |
|
|a электронный ресурс
|
| 610 |
1 |
|
|a безопасность
|
| 610 |
1 |
|
|a стандарты безопасности
|
| 610 |
1 |
|
|a техника безопасности
|
| 610 |
1 |
|
|a технологические процессы
|
| 610 |
1 |
|
|a оборудование
|
| 675 |
|
|
|a 658.345
|v 3
|
| 700 |
|
1 |
|a Smith
|b D. J.
|g David
|
| 701 |
|
1 |
|a Simpson
|b K. G. L.
|g Kenneth
|
| 801 |
|
1 |
|a RU
|b 63413507
|c 20131216
|
| 801 |
|
2 |
|a RU
|b 63413507
|c 20160621
|g RCR
|
| 856 |
4 |
|
|u http://www.lib.tpu.ru/fulltext2/m/2016/science_book/Safety%20Critical%20Systems%20Handbook_2011.pdf
|
| 942 |
|
|
|c CF
|